Statistics for Italian Regions

Click here to take the quiz!

General Stats

  • This quiz has been taken 88 times
  • The average score is 13 of 20

Answer Stats

Answer% Correct
Sicily
91%
Sardinia
89%
Tuscany
83%
Lombardy
76%
Liguria
73%
Lazio
71%
Calabria
68%
Emilia-Romangna
68%
Veneto
68%
Aosta Valley
64%
Piedmont
64%
Campania
59%
Abruzzo
58%
Friuli-Venezia Giulia
58%
Umbria
56%
Basilicata
55%
Trentino-South Tyrol
55%
Apulia
52%
Molise
48%
Marches
17%

Score Distribution

Percentile by Number Answered

Percent of People with Each Score

Your Score History

You have not taken this quiz